Identifikácia názorových postojov prostredníctvom dostupných vizuálnych prvkov na sociálnej sieti Facebook

Hlavným cieľom príspevku je identifikácia a kvantifikácia reakcií vyjadrených vizuálnym elementom pod článkovými príspevkami vybraného spravodajského média na sociálnej sieti Facebook. V prvom kroku výskumu bolo identifikovaných päť článkov, ktoré za obdobie jedného mesiaca mali spolu najviac reakci...

Ausführliche Beschreibung

Gespeichert in:
Bibliographische Detailangaben
1. Verfasser: Kuchta, Martin, 1990-
Weitere Verfasser: Červenka, Peter, 1976-
Format: Buchkapitel
Sprache:Slowakisch
Schlagworte:
Tags: Tag hinzufügen
Keine Tags, Fügen Sie das erste Tag hinzu!

MARC

LEADER 00000naa$a2200000$$$4500
001 0290133
005 20240502074443.6
041 0 |a slo 
044 |a SK 
245 1 0 |a Identifikácia názorových postojov prostredníctvom dostupných vizuálnych prvkov na sociálnej sieti Facebook  |c Martin Kuchta, Peter Červenka 
520 |a Hlavným cieľom príspevku je identifikácia a kvantifikácia reakcií vyjadrených vizuálnym elementom pod článkovými príspevkami vybraného spravodajského média na sociálnej sieti Facebook. V prvom kroku výskumu bolo identifikovaných päť článkov, ktoré za obdobie jedného mesiaca mali spolu najviac reakcií. Druhým krokom bola identifikácia emotikonov a ich charakteristika. Posledným krokom výskumu bola kvantifikácia počtu jednotlivých emotikonov vyjadrených pri analyzovaných článkových príspevkoch. Sledované bolo predovšetkým obsahové zameranie príspevkov a vplyv témy príspevku na počet konkrétnych emotikonov. Výsledky výskumu odhaľujú výrazný vplyv obsahového zamerania príspevku na počet a vzájomný pomer jednotlivých emotikonov a čiastočne identifikujú témy s najsilnejším polarizačným efektom. 
610 2 0 |a siete sociálne 
610 2 0 |a internet 
610 2 0 |a inovácie technologické 
610 2 0 |a komunikácia elektronická 
610 2 0 |a médiá 
610 2 0 |a médiá sociálne 
100 1 |a Kuchta, Martin, 1990- 
700 1 |a Červenka, Peter, 1976-